Normal view
MARC view
Entry Personal Name
001 - CONTROL NUMBER
- control field: 66754
003 - CONTROL NUMBER IDENTIFIER
- control field: dpl
005 - DATE AND TIME OF LATEST TRANSACTION
- control field: 20240522145410.0
008 - FIXED-LENGTH DATA ELEMENTS
- fixed length control field: 240522|| aca||aabn | a|a d
040 ## - CATALOGING SOURCE
- Original cataloging agency: dpl
- Transcribing agency: dpl
100 ## - HEADING--PERSONAL NAME
- Personal name: Kushbu, S. Ciyamala
670 ## - SOURCE DATA FOUND
- Source citation: Work cat.: (dpl)203173: Kushbu, S. Ciyamala, Advanced Computer Architecture/, 2017
